Normal view MARC view

Entry Personal Name

Number of records used in: 2

001 - CONTROL NUMBER

  • control field: 49430

003 - CONTROL NUMBER IDENTIFIER

  • control field: dpl

005 - DATE AND TIME OF LATEST TRANSACTION

  • control field: 20120622105834.0

008 - FIXED-LENGTH DATA ELEMENTS

  • fixed length control field: 120622|||a|||||| | ||| d

040 ## - CATALOGING SOURCE

  • Original cataloging agency: dpl
  • Transcribing agency: dpl

100 ## - HEADING--PERSONAL NAME

  • Personal name: शर्मा, श्याम सुन्दर

670 ## - SOURCE DATA FOUND

  • Source citation: Work cat.: (dpl)68106: शर्मा, श्याम सुन्दर, सूक्ष्म इलैक्ट्रानिकी /, 2006

670 ## - SOURCE DATA FOUND

  • Source citation: Work cat.: (dpl)68106: शर्मा, श्याम सुन्दर, सूक्ष्म इलैक्ट्रानिकी /, 2006

© Delhi Public Library
Hit Counter
free hit counter